country to city but it gets increasingly harder 3 - Statistics

General Stats
  • This quiz has been taken 22 times
  • The average score is 10 of 12
Answer Stats
Hint Answer % Correct
Budapest hungary
100%
Osaka japan
100%
Moscow russia
100%
Medellín colombia
95%
Split Croatia
95%
Christchurch new zealand
95%
Santo Domingo Dominican Republic
91%
Mombasa Kenya
86%
Asuncion paraguay
86%
Cuenca Ecuador
55%
Balikpapan Indonesia
45%
Auki Solomon islands
18%
No matching quizzes found
Score Distribution
Percent of People with Each Score
Percentile by Number Answered
Your Score History
You have not taken this quiz